Pedro de Valdivia: fundador de Chile

Zapisane w:
Opis bibliograficzny
1. autor: Pumar Martínez, Carmen (Autor)
Korporacja: Ministerio de Educación (Autor)
Format: Książka
Język:hiszpański
Wydane: Madrid Anaya 1988
Seria:Biblioteca Iberoamericana
Hasła przedmiotowe:
Etykiety: Dodaj etykietę
Nie ma etykietki, Dołącz pierwszą etykiete!

MARC

LEADER 00000nam a2200000 a 4500
001 UCH7925
003 CL-VaPUC
008 091127e19880000SP |||||||||||||||||spa|d
020 |a 8481620041 
082 0 4 |a 923.9  |b PUM  |2 21 
100 0 |a Pumar Martínez, Carmen  |e author  |9 544300 
110 2 |a Ministerio de Educación  |e author  |9 544301 
245 1 0 |a Pedro de Valdivia: fundador de Chile 
300 |a 126 p 
942 |c BK 
945 |d 20091127 00:00:00  |a lazolas 
260 |a Madrid  |b Anaya  |c 1988 
600 0 7 |a VALDIVIA, PEDRO DE  |2 CL-VaPUC  |9 317024 
650 0 |a Biografías  |9 255210 
650 7 |a CONQUISTADORES  |2 CL-VaPUC  |9 544302 
650 7 |a DESCUBRIMIENTO DE AMERICA  |2 CL-VaPUC  |9 544303 
651 7 |a CHILE  |2 CL-VaPUC  |9 544304 
651 0 |a América  |9 255182 
583 |a last modification  |c 20091127 00:00:00  |k Rodrigo Vera 
490 0 |a Biblioteca Iberoamericana 
999 |c 338232  |d 338230